Artes de México : los colegios jesuitas en la Nueva España /

Enregistré dans:
Détails bibliographiques
Autres auteurs: Ruy Sánchez, Alberto (dirección) (dirección), Fernández Dávalos, David (presentación) (presentación), González Torres, Enrique (presentación) (presentación)
Format: Livre
Langue:espagnol
Publié: México : Artes de México, 2001
Tags: Ajouter un tag
Pas de tags, Soyez le premier à ajouter un tag!

MARC

LEADER 00000nam^a2200000^a^4500
001 000629761
005 20260407000000.0
009 20260408133316.625
020 |a 970-683-052-9 
037 |a Acervo ITESO - Biblioteca 
041 |a ESP 
091 |a FOB. 04330 
240 1 1 |a [Artes de México] 
240 1 1 |a [Artes de México: colegios jesuitas] 
245 0 0 |a Artes de México :  |b los colegios jesuitas en la Nueva España / 
264 1 |a México :  |b Artes de México,  |c 2001 
300 |a 112 p. 
336 |a texto  |b txt  |2 rdacontenido 
337 |a sin mediación  |b n  |2 rdamedio 
338 |a volumen  |b nc  |2 rdasoporte 
649 |a XX 
700 |a Ruy Sánchez, Alberto  |e (dirección) 
700 |a Fernández Dávalos, David  |e (presentación) 
700 |a González Torres, Enrique  |e (presentación) 
910 |a Fondo Carlos de Obeso Orendain 
920 |a Impresos - Libros 
930 |a Fondos Especiales 
905 |a 147 
901 |a 629761-10  |b IT2  |c ESP  |i D  |u 20260407 
902 |a https://opac.biblio.iteso.mx/vufind/Record/000629761